Chiens : A quel groupe appartient cette race ? 2 - Statistiques

Statistiques générales
  • Ce quiz a été pris 9 fois
  • Le résultat moyen est 17 sur 30
Statistiques - réponses
Question Réponse % Correct
Shih Tzu Chiens d'agrément
100%
Papillon Chiens d'agrément
100%
Pointer Chiens d'arrêt
100%
Braque de Weimar Chiens d'arrêt
100%
Barbet Chiens de rapport et leveurs
100%
Barzoï Lévriers
100%
Dalmatien Chiens courants et de recherche
75%
Coton de Tuléar Chiens d'agrément
75%
Havanais Chiens d'agrément
75%
Epagneul breton Chiens d'arrêt
75%
Golden retriever Chiens de rapport et leveurs
75%
Saluki Lévriers
75%
Whippet Lévriers
75%
Beagle Chiens courants et de recherche
50%
Caniche Chiens d'agrément
50%
Bleu d'Auvergne Chiens d'arrêt
50%
Cocker américain Chiens de rapport et leveurs
50%
Springer anglais Chiens de rapport et leveurs
50%
Labrador Chiens de rapport et leveurs
50%
Azawakh Lévriers
50%
Aiégeois Chiens courants et de recherche
25%
Basset hound Chiens courants et de recherche
25%
Bruno du Jura Chiens courants et de recherche
25%
Griffon bruxellois Chiens d'agrément
25%
Setter gordon Chiens d'arrêt
25%
Galgo Lévriers
25%
Deerhound Lévriers
25%
Poitevin Chiens courants et de recherche
0%
Braque St Germain Chiens d'arrêt
0%
Epagneul frison Chiens de rapport et leveurs
0%
Aucun quiz correspondant
Distribution des résultats
% des personnes avec chaque résultat
Percentile par nombre de réponses
Votre historique - résultats
Vous n’avez pas pris ce quiz